000 00728nam a2200217Ii 4500
003 JO-AjNU
008 230605s9999||||xx |||||||||||||| ||und||
017 _a1979/4052
020 _a977-7322-05-4
040 _aJO-AjNU
_bara
_erda
_cJO-AjNU
041 _aara
050 1 4 _aLB1052 1979
100 3 _aعلي، سعيد إسماعيل,
_eauthor
_935148
245 0 0 _aأوضاع المربين العرب
264 3 1 _aالقاهرة:دار الثقافة للطباعة والنشر،1979
300 _a111ص
336 _atext
_btxt
_2rdacontent
337 _aunmediated
_bn
_2rdamedia
338 _avolume
_bnc
_2rdacarrier
650 4 _aتربية وتعليم-المربين-أوضاع إقتصادية-رواتب
_935149
999 _aA14481
_c18049
_d18049